Verejná správa a regionálny rozvoj ekonómia a manažment

Enregistré dans:
Détails bibliographiques
Format: Publication en série
Langue:slovaque
Publié: Bratislava Vysoká škola ekonómie a manažmentu verejnej správy v Bratislave 2011
Sujets:
Tags: Ajouter un tag
Pas de tags, Soyez le premier à ajouter un tag!

MARC

LEADER 00000nas2a2200000 4500
001 0212596
005 20160211092226.1
022 |a 1337-2955 
041 0 |a slo 
044 |a SK 
245 1 0 |a Verejná správa a regionálny rozvoj  |b ekonómia a manažment 
264 1 |a Bratislava  |b Vysoká škola ekonómie a manažmentu verejnej správy v Bratislave  |c 2011 
773 0 |w eu_un_cat*0055508 
610 2 0 |a správa verejná 
610 2 0 |a rozvoj regionálny 
610 2 0 |a manažment 
610 2 0 |a ekonómia